Responses for Show #1167 - Tuesday, October 3, 1989

Contestants

[<< previous game]

Tom Neven, an editor from Wayne, New Jersey

Gerry Sullivan, a teacher from Jamaica Plain, Massachusetts

Dale Ragus, a real estate broker from New York City, New York (whose 2-day cash winnings total $28,002)

[next game >>]

Jeopardy! Round responses

OHIO
THE BIBLE
MEN'S FASHION
MUSEUMS
ELVIS FILMS
ENDS IN "ITZ"
    $100 9
(Tom: What is chocolate?)

cheese

DaleTom
    $100 2
"the flesh"

Tom
    $100 24
(Alex: We have a minute left.)

cufflinks

Tom
    $100 1
the Vatican

Tom
    $100 16
boxing

Gerry
    $100 21
"Glitz"

Tom
    $200 12
(Dale: What is a bee?)
...
(Alex: "[*] [*], fly away home." Tom, back to you for the selection.)

a ladybug

Dale
Triple Stumper
    $200 3
God

Dale
    $200 26
cowboy boots

Dale
    $200 4
Dodge City

Tom
    $500 17
(Gerry: What is Blue Hawaii?)
(Alex: No, sorry. You picked the wrong place. "What is [*]?" [*], "Bright city lights". All right, you're at -$100; go again. )

Viva Las Vegas

Gerry
    $200 22
(Alex: [*] Mondale, yes.)

"Fritz"

Gerry
    $300 13
Lake Erie

Tom
    $300 5
leprosy

Gerry
    $300 28
the Harley-Davidson logo

Tom
    $300 6
the Metropolitan Museum of Art

Tom
    $300 18
1 of ("Blue Hawaii" or "Paradise, Hawaiian Style")

Tom
    $300 23
the Blitz

Dale
    $400 14
Toledo

Tom
    $400 7
666

Tom
    $400 29
(Tom: What is neck and sleeve?)
(Alex: Yes, arm length.)
[Originally ruled correct; reversed prior to Double Jeopardy!]
[The end-of-round signal sounds.]

neck & arm

Tom
Triple Stumper
    $400 10
(Tom: What is the British Museum?)

the Victoria & Albert Museum

DaleTom
    $400 19
"Love Me Tender"

Gerry
    $400 25
Berlitz

Dale
    $500 15
Indiana & Kentucky

Tom
    $500 8
Paul

Tom
    $500 11
(Marshall) Field

Tom
    $500 20
"G.I. Blues"

Tom
    $500 27
(Vladimir) Horowitz

Gerry

Scores at the first commercial break (after clue 13):

Dale Gerry Tom
$500 $300 $1,900

Scores at the end of the Jeopardy! Round:

Dale Gerry Tom
$1,400 $1,000 $3,700

Double Jeopardy! Round responses

POETRY
AWARD-WINNERS
FLOWERS
OPERA
THE U.N.
WIZARDS
    $200 21
"Gunga Din"

Gerry
    $200 11
Garrison Keillor

Dale
    $200 12
a daisy

Tom
    $200 26
(Alex: Yes. See how much you know about opera?)
(Gerry: I'm surprised.)

Xavier Cugat

Gerry
    $200 1
English

Tom
    $200 6
Thomas Edison

Gerry
    $400 22
a Grecian urn

Dale
    $400 16
Bob Geldof

Tom
    $400 13
a geranium

Gerry
    $400 27
(Gerry: What is Cairo?)

Memphis

GerryTom
    $400 2
the charter

Tom
    $400 7
"The Wizard of Oz"

Tom
    $600 23
"proud"

Gerry
    $600 17
(William) Hanna & (Joseph) Barbera

Gerry
    $600 14
a Queen Anne's lace

Gerry
    $600 28
[The end-of-round signal sounds.]

Ethiopia

Tom
    $600 3
(Dale: What is Sudan?)

Swaziland

DaleGerry
    $600 8
Rube Goldberg

Tom
    $1,300 24
(Alex: And we have less than a minute to go in the round.)

a dangerous thing

Gerry
    $800 18
Robert Duvall

Dale
    $800 15
North Carolina

Tom
    $800 4
veto a UN Security Council resolution

Tom
    $800 9
(Dale: Who is Alex Trebek?)
(Alex: No.)
[Laughter]
...
(Alex: Same initials. I hosted the show; [*] was one of the creators.)

Alan Thicke

Dale
Triple Stumper
    $1000 25
"Sailing to the Byzantium"

Triple Stumper
    $1000 20
Harvey Fierstein

Tom
    $1000 19
(Tom: What is the pistil?)
(Dale: What is the stamen?)

the petal (or the corolla)

DaleTom
Triple Stumper
    $1000 5
(Tom: What is Papua New Guinea?)

Indonesia

Tom
Triple Stumper
    $1000 10
Busby Berkeley

Gerry

Scores at the end of the Double Jeopardy! Round:

Dale Gerry Tom
$400 $6,300 $7,500

[wagering suggestions for these scores]

Final Jeopardy! Round responses

U.S. STATES
(Alex: [To Gerry] No, Utah is a state.)
(Gerry: Oh.)
[Laughter]
DaleWhat is J?
$300
GerryWhat is U?
$5,499
TomWhat is Q?
$5,101
Q

Final scores:

Dale Gerry Tom
$100 $801 $12,601
3rd place: The Motion Picture Guide 12-volume collection from Cinebooks+ either the Jeopardy! box game or the Jeopardy! scorekeeper 2nd place: Profile vertical blinds + Joan Roulet 18K gold clock + either the Jeopardy! box game or the Jeopardy! scorekeeper New champion: $12,601 + either the Jeopardy! box game or the Jeopardy! scorekeeper

Game dynamics:

Coryat scores:

Dale Gerry Tom
$400 $6,300 $7,500
9 R,
4 W
15 R
(including 1 DD),
2 W
(including 1 DD)
26 R,
5 W

Combined Coryat: $14,200

[game clues] [game scores] [suggest correction]

Game tape date: 1989-06-20
The J! Archive is created by fans, for fans. Scraping, republication, monetization, and malicious use prohibited; this site may use cookies and collect identifying information. See terms. The Jeopardy! game show and all elements thereof, including but not limited to copyright and trademark thereto, are the property of Jeopardy Productions, Inc. and are protected under law. This website is not affiliated with, sponsored by, or operated by Jeopardy Productions, Inc. Join the discussion at JBoard.tv.